<?xml version="1.0" encoding="UTF-8"?>
<collection xmlns="http://www.loc.gov/MARC21/slim">
 <record>
  <leader>00923pam a22002778a 4500</leader>
  <controlfield tag="001">00046150</controlfield>
  <controlfield tag="008">201216s2019####-vm#################vie|d</controlfield>
  <controlfield tag="005">20201216081259.0</controlfield>
  <datafield tag="020" ind1="#" ind2="#">
   <subfield code="a">9786045541531</subfield>
   <subfield code="c">0</subfield>
  </datafield>
  <datafield tag="041" ind1="0" ind2="#">
   <subfield code="a">vie</subfield>
  </datafield>
  <datafield tag="082" ind1="0" ind2="4">
   <subfield code="a">304.609 597 31</subfield>
   <subfield code="b">D121C</subfield>
  </datafield>
  <datafield tag="100" ind1="1" ind2="#">
   <subfield code="a">Đỗ Thị Minh Đức</subfield>
  </datafield>
  <datafield tag="245" ind1="1" ind2="0">
   <subfield code="a">Dân cư Thăng Long - Hà Nội</subfield>
   <subfield code="c">Đỗ Thị Minh Đức, Nguyễn Viết Thịnh</subfield>
  </datafield>
  <datafield tag="260" ind1="#" ind2="#">
   <subfield code="a">Hà Nội</subfield>
   <subfield code="b">Hà Nội</subfield>
   <subfield code="c">2019</subfield>
  </datafield>
  <datafield tag="300" ind1="#" ind2="#">
   <subfield code="a">330tr.</subfield>
   <subfield code="b">minh hoạ</subfield>
   <subfield code="c">24cm</subfield>
  </datafield>
  <datafield tag="490" ind1="0" ind2="#">
   <subfield code="a">Tủ sách Thăng Long 1000 năm</subfield>
  </datafield>
  <datafield tag="504" ind1="#" ind2="#">
   <subfield code="a">Thư mục: tr. 321-327</subfield>
  </datafield>
  <datafield tag="653" ind1="#" ind2="#">
   <subfield code="a">Dân cư</subfield>
  </datafield>
  <datafield tag="653" ind1="#" ind2="#">
   <subfield code="a">Hà Nội</subfield>
  </datafield>
  <datafield tag="653" ind1="#" ind2="#">
   <subfield code="a">Lịch sử</subfield>
  </datafield>
  <datafield tag="700" ind1="1" ind2="#">
   <subfield code="a">Nguyễn Viết Thịnh</subfield>
  </datafield>
  <datafield tag="852" ind1="#" ind2="#">
   <subfield code="j">KD.0027682</subfield>
  </datafield>
  <datafield tag="920" ind1=" " ind2=" ">
   <subfield code="a">Đỗ Thị Minh Đức</subfield>
  </datafield>
  <datafield tag="930" ind1=" " ind2=" ">
   <subfield code="a">444221</subfield>
   <subfield code="b">11/10/2019</subfield>
  </datafield>
  <datafield tag="941" ind1=" " ind2=" ">
   <subfield code="a">DP</subfield>
   <subfield code="b">XH</subfield>
  </datafield>
  <datafield tag="980" ind1="#" ind2="#">
   <subfield code="a">Trung tâm Học liệu Lê Vũ Hùng, Trường Đại học Đồng Tháp</subfield>
  </datafield>
 </record>
</collection>
